<?xml version="1.0" encoding="UTF-8"?>
<record
    xmlns:xsi="http://www.w3.org/2001/XMLSchema-instance"
    xsi:schemaLocation="http://www.loc.gov/MARC21/slim http://www.loc.gov/standards/marcxml/schema/MARC21slim.xsd"
    xmlns="http://www.loc.gov/MARC21/slim">

  <leader>04973cam a22004815i 4500</leader>
  <controlfield tag="001">20859859</controlfield>
  <controlfield tag="003">OSt</controlfield>
  <controlfield tag="005">20240528154522.0</controlfield>
  <controlfield tag="008">190221t20182018dcu      b    001 0 eng d</controlfield>
  <datafield tag="010" ind1=" " ind2=" ">
    <subfield code="a">  2017279916</subfield>
  </datafield>
  <datafield tag="020" ind1=" " ind2=" ">
    <subfield code="a">9781621575764</subfield>
    <subfield code="q">(hardcover)</subfield>
  </datafield>
  <datafield tag="035" ind1=" " ind2=" ">
    <subfield code="a">(OCoLC)ocn959536159</subfield>
  </datafield>
  <datafield tag="040" ind1=" " ind2=" ">
    <subfield code="a">YDX</subfield>
    <subfield code="b">eng</subfield>
    <subfield code="c">YDX</subfield>
    <subfield code="e">rda</subfield>
    <subfield code="d">BTCTA</subfield>
    <subfield code="d">BDX</subfield>
    <subfield code="d">OCLCQ</subfield>
    <subfield code="d">YDX</subfield>
    <subfield code="d">ZQP</subfield>
    <subfield code="d">OCLCF</subfield>
    <subfield code="d">QS5</subfield>
    <subfield code="d">SINLB</subfield>
    <subfield code="d">IGA</subfield>
    <subfield code="d">IMT</subfield>
    <subfield code="d">CLE</subfield>
    <subfield code="d">TOH</subfield>
    <subfield code="d">MND</subfield>
    <subfield code="d">HTM</subfield>
    <subfield code="d">ILC</subfield>
    <subfield code="d">VP@</subfield>
    <subfield code="d">OCLCQ</subfield>
    <subfield code="d">RCE</subfield>
    <subfield code="d">CHVBK</subfield>
    <subfield code="d">OCLCO</subfield>
    <subfield code="d">NCRJL</subfield>
    <subfield code="d">IUK</subfield>
    <subfield code="d">OCLCQ</subfield>
    <subfield code="d">T3B</subfield>
    <subfield code="d">OCLCA</subfield>
    <subfield code="d">OCL</subfield>
    <subfield code="d">OCLCA</subfield>
    <subfield code="d">DE#</subfield>
    <subfield code="d">GYG</subfield>
    <subfield code="d">DLC</subfield>
  </datafield>
  <datafield tag="042" ind1=" " ind2=" ">
    <subfield code="a">lccopycat</subfield>
  </datafield>
  <datafield tag="043" ind1=" " ind2=" ">
    <subfield code="a">n-us-ca</subfield>
  </datafield>
  <datafield tag="050" ind1=" " ind2=" ">
    <subfield code="a">TK 5105.875.I57</subfield>
    <subfield code="b">G55 2018</subfield>
  </datafield>
  <datafield tag="100" ind1="1" ind2=" ">
    <subfield code="a">Gilder, George F.,</subfield>
    <subfield code="d">1939-</subfield>
    <subfield code="e">author.</subfield>
    <subfield code="9">56283</subfield>
  </datafield>
  <datafield tag="245" ind1="1" ind2="0">
    <subfield code="a">Life after Google :</subfield>
    <subfield code="b">the fall of big data and the rise of the blockchain economy /</subfield>
    <subfield code="c">George Gilder.</subfield>
  </datafield>
  <datafield tag="246" ind1="3" ind2="0">
    <subfield code="a">Fall of big data and the rise of the blockchain economy</subfield>
  </datafield>
  <datafield tag="260" ind1=" " ind2=" ">
    <subfield code="a">Washington, DC : </subfield>
    <subfield code="b">Regnery Gateway, an imprint of Regnery Publishing, </subfield>
    <subfield code="c">c2018.</subfield>
  </datafield>
  <datafield tag="300" ind1=" " ind2=" ">
    <subfield code="a">xv, 320 pages ;</subfield>
    <subfield code="c">24 cm</subfield>
  </datafield>
  <datafield tag="500" ind1=" " ind2=" ">
    <subfield code="a">Word "Google" on title page and spine printed upside down and backwards.</subfield>
  </datafield>
  <datafield tag="504" ind1=" " ind2=" ">
    <subfield code="a">Includes bibliographical references (pages 285-312) and index.</subfield>
  </datafield>
  <datafield tag="505" ind1="0" ind2=" ">
    <subfield code="a">Prologue: Back to the future-- the ride -- Don't steal this book -- Google's system of the world -- Google's roots and religions -- End of the free world -- Ten laws of the cryptocosm -- Google's datacenter coup -- Dally's parallel paradigm -- Markov and Midas -- Life 3.0 -- 1517 -- The heist -- Finding Satoshi -- Battle of the blockchains -- Blockstack -- Taking back the net -- Brave return of Brendan Eich -- Yuanfen -- The rise of sky computing -- A global insurrection -- Neutering the network -- The empire strikes back -- The Bitcoin flaw -- The great unbundling -- Epilogue: The new system of the world.</subfield>
  </datafield>
  <datafield tag="520" ind1=" " ind2=" ">
    <subfield code="a">"The Age of Google, built on big data and machine intelligence, has been an awesome era. But it's coming to an end. In Life after Google, George Gilder--the peerless visionary of technology and culture--explains why Silicon Valley is suffering a nervous breakdown and what to expect as the post-Google age dawns. Google's astonishing ability to 'search and sort' attracts the entire world to its search engine and countless other goodies--videos, maps, email, calendars ... And everything it offers is free, or so it seems. Instead of paying directly, users submit to advertising. The system of 'aggregate and advertise' works--for a while--if you control an empire of data centers, but a market without prices strangles entrepreneurship and turns the Internet into a wasteland of ads. The crisis is not just economic. Even as advances in artificial intelligence induce delusions of omnipotence and transcendence, Silicon Valley has pretty much given up on security. The Internet firewalls supposedly protecting all those passwords and personal information have proved hopelessly permeable. The crisis cannot be solved within the current computer and network architecture. The future lies with the 'cryptocosm'--The new architecture of the blockchain and its derivatives. Enabling cryptocurrencies such as bitcoin and ether, NEO and Hashgraph, it will provide the Internet a secure global payments system, ending the aggregate-and-advertise Age of Google. Silicon Valley, long dominated by a few giants, faces a 'great unbundling, ' which will disperse computer power and commerce and transform the economy and the Internet."--Jacket.</subfield>
  </datafield>
  <datafield tag="520" ind1=" " ind2=" ">
    <subfield code="a">Google's ability to "search and sort" attracts the entire world to its search engine and countless other goodies-- videos, maps, email, calendars. Everything it offers is free ... or so it seems. Instead of paying directly, users submit to advertising. The Internet firewalls supposedly protecting all our passwords and personal information have proved hopelessly permeable. The future lies with the "cryptocosm": the new architecture of the blockchain and its derivatives. Gilder explains why Silicon Valley is suffering a nervous breakdown and what to expect as the post-Google age dawns. -- adapted from jacket.</subfield>
  </datafield>
  <datafield tag="650" ind1=" " ind2="0">
    <subfield code="a">Internet</subfield>
    <subfield code="x">Forecasting.</subfield>
    <subfield code="9">56284</subfield>
  </datafield>
  <datafield tag="650" ind1=" " ind2="0">
    <subfield code="a">Internet</subfield>
    <subfield code="x">Security measures.</subfield>
    <subfield code="9">56285</subfield>
  </datafield>
  <datafield tag="650" ind1=" " ind2="0">
    <subfield code="a">High technology industries</subfield>
    <subfield code="z">California</subfield>
    <subfield code="z">Santa Clara Valley (Santa Clara County)</subfield>
    <subfield code="x">Forecasting.</subfield>
    <subfield code="9">56286</subfield>
  </datafield>
  <datafield tag="650" ind1=" " ind2="0">
    <subfield code="a">Blockchains (Databases)</subfield>
    <subfield code="9">56287</subfield>
  </datafield>
  <datafield tag="650" ind1=" " ind2="0">
    <subfield code="a">Electronic commerce.</subfield>
    <subfield code="9">56288</subfield>
  </datafield>
  <datafield tag="650" ind1=" " ind2="4">
    <subfield code="a">Forecasting</subfield>
    <subfield code="y">21st century.</subfield>
    <subfield code="9">56289</subfield>
  </datafield>
  <datafield tag="650" ind1=" " ind2="4">
    <subfield code="a">Business enterprises</subfield>
    <subfield code="x">Computer networks</subfield>
    <subfield code="x">Management.</subfield>
    <subfield code="9">56290</subfield>
  </datafield>
  <datafield tag="650" ind1=" " ind2="4">
    <subfield code="a">High technology industries.</subfield>
    <subfield code="9">56291</subfield>
  </datafield>
  <datafield tag="650" ind1=" " ind2="4">
    <subfield code="a">Business failures.</subfield>
    <subfield code="9">56292</subfield>
  </datafield>
  <datafield tag="650" ind1=" " ind2="4">
    <subfield code="a">Google+ (Electronic resource.)</subfield>
    <subfield code="9">56293</subfield>
  </datafield>
  <datafield tag="650" ind1=" " ind2="4">
    <subfield code="a">Electronic commerce</subfield>
    <subfield code="x">Corrupt practices.</subfield>
    <subfield code="9">56294</subfield>
  </datafield>
  <datafield tag="650" ind1=" " ind2="4">
    <subfield code="a">Business</subfield>
    <subfield code="x">Strategic aspects.</subfield>
    <subfield code="9">56295</subfield>
  </datafield>
  <datafield tag="650" ind1=" " ind2="4">
    <subfield code="a">Computer industry.</subfield>
    <subfield code="9">56296</subfield>
  </datafield>
  <datafield tag="906" ind1=" " ind2=" ">
    <subfield code="a">0</subfield>
    <subfield code="b">ibc</subfield>
    <subfield code="c">copycat</subfield>
    <subfield code="d">2</subfield>
    <subfield code="e">ncip</subfield>
    <subfield code="f">20</subfield>
    <subfield code="g">y-gencatlg</subfield>
  </datafield>
  <datafield tag="942" ind1=" " ind2=" ">
    <subfield code="2">lcc</subfield>
    <subfield code="c">BK</subfield>
  </datafield>
  <datafield tag="999" ind1=" " ind2=" ">
    <subfield code="c">67949</subfield>
    <subfield code="d">67923</subfield>
  </datafield>
  <datafield tag="952" ind1=" " ind2=" ">
    <subfield code="0">0</subfield>
    <subfield code="1">0</subfield>
    <subfield code="2">lcc</subfield>
    <subfield code="4">0</subfield>
    <subfield code="7">0</subfield>
    <subfield code="8">GEN</subfield>
    <subfield code="a">CPL</subfield>
    <subfield code="b">CPL</subfield>
    <subfield code="c">GEN</subfield>
    <subfield code="d">2023-07-05</subfield>
    <subfield code="e">Donation - Prof. Muroki.</subfield>
    <subfield code="g">40.00</subfield>
    <subfield code="l">0</subfield>
    <subfield code="o">TK 5105.875.I57G55 2018</subfield>
    <subfield code="p">T17103W3232</subfield>
    <subfield code="r">2024-05-28 15:47:19</subfield>
    <subfield code="t">1</subfield>
    <subfield code="w">2024-05-28</subfield>
    <subfield code="y">BK</subfield>
  </datafield>
</record>
